00817nam a2200217 4500001000700000003000900007005001700016007000300033008004100036020001800077100003100095245014000126260005100266300002200317490002000339710003800359830002800397852003300425999001900458952012200477136842ES-MaACL20230906195236.0t|070214s1986 sp r ||||1| spa d a84-505-3600-61 aSahagún, Felipe.910147213aEl mundo fue noticia b: corresponsales españoles en el extranjero : la información internacional en España / cFelipe Sahagún. aMadrid : bFundación Banco Exterior, c1986. a302 p. ; c23 cm.1 aInvestigaciones2 aFundación Banco Exterior.942260 aInvestigaciones9178290 aES-MaACLjL-11252 bR.112894 c136842d136842 00104070aATENEOMbATENEOMcDEPO2d2008-01-17eSCl0oL-11252p1142410r2023-02-23 00:00:00w2023-02-23yMONOGRAFIA